LEADER 01008cam0-22003491i-450- 001 990008089820403321 005 20121019094853.0 010 $a88-7916-066-4 035 $a000808982 035 $aFED01000808982 035 $a(Aleph)000808982FED01 035 $a000808982 100 $a20121019d2003----km-y0itay50------ba 101 0 $aita 102 $aIT 105 $ay-------001yy 200 1 $aAnalisi dei dati$etecniche multivariate per la ricerca psicologica e sociale$fClaudio Barbaranelli 210 $aMilano$cLED$d2003 215 $a391 p.$d21 cm 225 1 $aStrumenti e metodi per le scienze sociali 610 0 $aScienze sociali$aRicerche$aMetodo 676 $a300.727$v21$zita 700 1$aBarbaranelli,$bClaudio$f<1946- >$0383284 801 0$aIT$bUNINA$gREICAT$2UNIMARC 901 $aBK 912 $a990008089820403321 952 $aP.1 PG 562$fFLFBC 952 $aXI-B-118$b9514$fMAS 959 $aFLFBC 959 $aMAS 996 $aAnalisi dei dati$9753105 997 $aUNINA LEADER 02313 am 2200421 n 450 001 9910495697903321 005 20200129 010 $a2-7574-2668-0 024 7 $a10.4000/books.septentrion.86828 035 $a(CKB)4100000011665478 035 $a(FrMaCLE)OB-septentrion-86828 035 $a(oapen)https://directory.doabooks.org/handle/20.500.12854/86977 035 $a(PPN)252448065 035 $a(EXLCZ)994100000011665478 100 $a20201217j|||||||| ||| 0 101 0 $afre 135 $auu||||||m|||| 181 $ctxt$2rdacontent 182 $cc$2rdamedia 183 $acr$2rdacarrier 200 13$aLe réel de traviole $eArtaud, Bataille, Leiris, Michaux et alii /$fNathalie Barberger 210 $aVilleneuve d'Ascq $cPresses universitaires du Septentrion$d2020 215 $a1 online resource (240 p.) 225 1 $aObjet 311 $a2-85939-746-9 330 $aDessin à regarder de traviole, le titre d?Artaud formule un étrange mode d?emploi, tout comme sa définition du lecteur de poésie - lire l??uvre d?un poète c?est avant tout lire au travers - restitue à la lecture une étrange valeur d?usage. Ecrire, lire, dessiner, penser, regarder de traviole, au travers, là serait l?unique chance pour que le réel advienne, dans la décomposition et l?ouverture des formes, le renoncement à l?identité, la violence faite au langage, le refus de tout système fabricateur de réalité. A partir de la revue Documents qui fut dirigée, par Georges Bataille, c?est l?exigence et le travail du réel que ce livre tente d?explorer. Ou comment la littérature, la peinture, la pensée critique, en fustigeant l?ancienne attitude esthétique qui n?aurait été qu?escamotage, mensonge et sérieux métaphysique, s?acharnent à déstabiliser les codes de perception et à faire voir le réel, inventent un tout autre réalisme. 606 $aFrench literature$y20th century$xHistory and criticism 610 $alittérature 610 $aréel 610 $adéconstruction 615 0$aFrench literature$xHistory and criticism. 676 $a840.9/0091 700 $aBarberger$b Nathalie$0686284 801 0$bFR-FrMaCLE 906 $aBOOK 912 $a9910495697903321 996 $aLe re?el de traviole$92865165 997 $aUNINA